000
00327nam a22001457a 4500
003
SGT
020
_a
97-81-9116197-9-6
082
_a
635
_b
MUT
100
_a
MUTHUKUMAR, P.
245
_a
GLAUSTAS HORTICULTURE 2.0
260
_a
INDIA
_b
NEW VISHAL PUB.
_c
2024
300
_a
639
650
_a
HORTICULTURE
942
_2
ddc
_c
BK
_0
7
999
_c
25845
_d
25845